| 000 | 00668nam a2200229 a 4500 | ||
|---|---|---|---|
| 001 | 2118 | ||
| 003 | CDMR | ||
| 005 | 20131125122842.0 | ||
| 008 | 130130s1978||||||||||||||||||||||||||||d | ||
| 020 | _a2020047691 | ||
| 040 |
_aCDMR _bcat _cCDMR |
||
| 100 | 1 |
_aPerier Daville, Denis _91575 |
|
| 245 | 1 | 3 |
_aLa liberté de la presse n'est pas à vendre _cDenis Perier Daville |
| 260 |
_aParis _c1978 _bSeuil |
||
| 300 | _a254 p. | ||
| 490 | 0 | _aActuels SEUIL | |
| 650 | 0 | 4 |
_93208 _aPeriodisme _xDret i legislació |
| 650 | 0 | 4 |
_91582 _aLlibertat d'impremta |
| 650 | 0 | 4 |
_93728 _aPremsa _xPolítica governamental |
| 650 | 0 | 4 |
_94130 _aPremsa i política _zFrança |
| 942 |
_cMON _2udc |
||
| 999 |
_c2118 _d2118 |
||